000 01049ngm a22003250a 4500
001 PT19541
003 AR-LpoUNG
005 20210202000312.0
007 vd cvaizq
008 191001s2000||||ag |||||||||||||||||spa d
037 _c$9.96
040 _aAR-LpoUNG
_bspa
_cAR-LpoUNG
_eaacr
041 _aspa
044 _aag
082 0 _a946.081 183lar
100 1 _aCamino, Jaime
_edir.
245 1 4 _aLas largas vacaciones del 36
260 _aBuenos Aires :
_bR.K.V.,
_c2000.
300 _aVHS (107 min.) : son., col.
520 _aLa Guerra Civil española tomó por sorpresa a mucha gente cuando estaban el plenas vacaciones estivales. Muchos tuvieron que quedarse donde estaban, intentando sobrevivir en las zonas rurales donde la contienda sonaba como un eco lejano.
650 4 _aESPAÑA
650 4 _aGUERRA CIVIL
650 4 _aHISTORIA
651 4 _aEspaña
653 _aVIDEOS
700 1 _aFrade, José
_eprod.
710 2 _aJ.F. Producciones Cinemátográficas (firma comercial)
905 _a19541
942 _cVIDEO
999 _c54569
_d54569